[Event "Innsbruck op-B 1st"]
[Site "Innsbruck"]
[Date "2017.08.29"]
[Round "5"]
[White "Rantner, Otto"]
[Black "Beshukov, Aslan"]
[Result "1-0"]
[WhiteElo "1918"]
[BlackElo "1830"]
[PlyCount "59"]
[EventDate "2017.08.25"]
[EventType "swiss"]
[EventRounds "9"]
[EventCountry "AUT"]
[SourceTitle "CBM 180 Extra"]
[Source "ChessBase"]
[SourceDate "2017.10.06"]
[SourceVersion "1"]
[SourceVersionDate "2017.10.06"]
[SourceQuality "1"]

1. d4 d5 2. c4 e6 3. Nc3 Nf6 4. cxd5 exd5 5. Bg5 Be7 6. e3 0-0 7. Bd3 h6 8. Bh4 Nbd7 9. Nge2 c6 10. Qc2 Re8 11. h3 Nf8 12. Bxf6 Bxf6 13. 0-0-0 a5 14. g4 g5 15. Ng3 b5 16. Rdg1 a4 17. Nce2 Qd6 18. Nf5 Bxf5 19. Bxf5 b4 20. Qd2 Ne6 21. Bxe6 fxe6 22. Qd3 c5 23. h4 c4 24. Qg6+ Bg7 25. hxg5 hxg5 26. Rh7 Qd7 27. Rgh1 Kf8 28. Rh8+ Bxh8 29. Rxh8+ Ke7 30. Rh7+ 1-0